000 01113cam a2200253 a 4500
005 20091121122244.0
008 000504s2000 nik 000 0 eng d
010 _aENG-95534-35
020 _a9788131306437 (Set of 2 Vols.)
_c1500.00 (V.1 & 2)
035 _aEN-79067-68
037 _bDBAD/PUB
040 _aDPL
100 _aMishra, Lokanath
245 _aEncyclopaedia of Peace education
_cby S.K. Panneer Selvam
260 _aNew Delhi
_bAPH. Publishing corporation
_c2009
270 _a4435-36/7 Ansari Road, Darya Ganj
_bNew Delhi
_e110002
300 _a2v (220p. ; 221 to 428 p.)
_c22 cm.(Hb)
500 _aIt is a set of 2 vols. and set price is Rs. 1500.00
942 _2ddc
_cEN
_mMIS
999 _c32014
_d32014